Normal view MARC view
  • MOBILE COMMUNICATION.WIRELESS COMMUNICATION .OPTICAL RADIO.WIRELESS LANS.BLUETOOTH FUTURE.AD HOC WIRELESS NETWORKS

Entry Topical Term

Number of records used in: 1

001 - CONTROL NUMBER

  • control field: 62434

003 - CONTROL NUMBER IDENTIFIER

  • control field: NUST

005 - DATE AND TIME OF LATEST TRANSACTION

  • control field: 20210628202934.0

008 - FIXED-LENGTH DATA ELEMENTS

  • fixed length control field: 210628|| aca||aabn | a|a d

040 ## - CATALOGING SOURCE

  • Original cataloging agency: NUST
  • Transcribing agency: NUST

150 ## - HEADING--TOPICAL TERM

  • Topical term or geographic name entry element: MOBILE COMMUNICATION.WIRELESS COMMUNICATION .OPTICAL RADIO.WIRELESS LANS.BLUETOOTH FUTURE.AD HOC WIRELESS NETWORKS

670 ## - SOURCE DATA FOUND

  • Source citation: Work cat.: (NUST): Smyth, Peter 62433, Mobile and wireless communication : key technologies and future applications, 2004
© 2023 Central Library, National University of Sciences and Technology. All Rights Reserved.